Prehľad peňažných tokov v podnikateľskej účtovnej jednotke bakalárska práca

Salvato in:
Dettagli Bibliografici
Autore principale: Kušnírová, Dana
Ente Autore: Fakulta hospodárskej informatiky EU. Katedra účtovníctva a audítorstva
Altri autori: Szászová, Renáta
Natura: Libro
Lingua:slovacco
Pubblicazione: Bratislava 2010
Tags: Aggiungi Tag
Nessun Tag, puoi essere il primo ad aggiungerne!!

MARC

LEADER 00000nam$a2200000$$$4500
001 0137113
005 20240320072825.3
041 0 |a slo 
044 |a SK 
245 1 0 |a Prehľad peňažných tokov v podnikateľskej účtovnej jednotke  |b bakalárska práca  |c Dana Kušnírová ; školiteľ: Renáta Szászová 
264 1 |a Bratislava  |c 2010 
300 |a 43 s. 
100 1 |a Kušnírová, Dana 
700 1 |a Szászová, Renáta 
710 2 |a Fakulta hospodárskej informatiky EU. Katedra účtovníctva a audítorstva